Glycerine by Bush lyrics quiz - Statistics

General Stats
  • This quiz has been taken 33 times
  • The average score is 36 of 45
Answer Stats
Answer % Correct
I'm alone all the {time}
100%
It's not my {time}
100%
'cause now I can {feel}
97%
It must be for {real}
97%
Don't let the {days} go by
93%
{Glycerine}
93%
{Glycerine}, {glycerine}
93%
It must be your {skin}
93%
Now you're {here}
93%
Could've been easier on {you}
90%
Could've been easier on {you}, {you}, {you}
90%
I'm {sinking} in
90%
It's like {strawberry} fields
90%
To wonder {why}
90%
And I didn't {mind}
87%
It's not my {kind}
87%
You've got a {beautiful} taste
87%
But when we {rise}
83%
Couldn't {love} you more
83%
I'll never {forget} where you're at
83%
Now you're {away}
83%
We live in a {wheel}
83%
Everything's {grey}
80%
I couldn't {change} though I wanted to
80%
Remember {that}
80%
Where everyone {steals}
80%
You {bruise} my face
80%
I'm {never} alone
77%
It should have been easier by {three}
77%
Or do you {lie}?
77%
That's just one of my {names}
77%
Well that's just {fine}
77%
Are you at {one}?
73%
As she falls {around} me
73%
I needed you {more}
70%
Just {regress}
70%
I don't want {this}
67%
I {treated} you bad
67%
You wanted us {less}
67%
Bad moon {white} again
63%
Everything gone {white}
63%
{simple} and plain
60%
I could not {kiss}
57%
Our old friend {fear} and you and me
53%
It might just be {clear}
37%
No matching quizzes found
Score Distribution
Percent of People with Each Score
Percentile by Number Answered
Your Score History
You have not taken this quiz